000 00653nam a22002057a 4500
003 OSt
005 20260421053310.0
008 260421b |||||||| |||| 00| 0 eng d
020 _a971-08-5023-7.
040 _aOC
_cDWC-Main Lib
082 _aFil. 150 Aq56i 1991
100 _aAquino, G.
245 _aIntroduction to psychology
_cAquino, Gaudencio V.
260 _aMandaluyong, Philippines :
_b National Book Store
300 _avii, 530 pages ;
_c25 cm.
504 _aIncludes index.
650 _a1. Psychology.
700 _aMiranda, Norma C.
_eAuthor
942 _2ddc
_cBK - FIL
_hFil. 150 Aq56i 1991
_kFil.
_n0
999 _c9556
_d9556